| 000 | 01628nam0a2200385 4500 | ||
|---|---|---|---|
| 001 | RU\NLR\BIBL_A\010794812 | ||
| 005 | 201510080506 | ||
| 010 | _a978-5-386-08413-4 | ||
| 021 |
_aRU _b2015-43645 _92583 |
||
| 035 | _a(NLR Aleph) 010794812 | ||
| 035 | _a(NILC)RuMoRGB-007954573 | ||
| 090 |
_a10130778 _c10130778 |
||
| 100 | _a20150629d2015 um y0rusy50 ca | ||
| 101 | 0 | _arus | |
| 102 | _aRU | ||
| 105 | _aach|z|||000zy | ||
| 200 | 1 |
_aСвой почерк в режиссуре _e[мастер-класс Владимира Аленикова] _fВладимир Алеников |
|
| 210 |
_aМосква _cРИПОЛ классик _d2015 |
||
| 215 |
_a446, [1] с., [16] л. ил., цв. ил., портр. _cфакс. _d22 |
||
| 225 | 1 | _aОткрытые мастер-классы | |
| 300 | _aНа 4-й с. обл. авт.: В. Алеников - режиссер, киносценарист, проф. | ||
| 320 | _aФильмогр.: с. 393-399 | ||
| 600 | 1 |
_aАлеников _bВ.М. _gВладимир Михайлович _f1948 _2nlr_sh2 _3RU\NLR\AUTH\661568719 |
|
| 606 | 1 |
_aРежиссерское искусство _z20 - 21 вв. _2nlr_sh2 _3RU\NLR\AUTH\661528862 |
|
| 686 | 1 | _aЩ374.3(2Р)7-85Алеников | |
| 686 | 1 | _aЩ334.3(0)6-675 | |
| 700 | 1 |
_aАлеников _bВ. М. _f1948- _gВладимир Михайлович _3RU\NLR\AUTH\77115391 |
|
| 801 | 0 |
_aRU _bРГБ _c20150616 _gRCR |
|
| 801 | 1 |
_aRU _bРГБ _c20150616 _2rusmarc |
|
| 801 | 2 |
_aRU _bРГБ _c20150618 _grcr |
|
| 942 | _cBOOK | ||
| 980 | _aNBR | ||
| 980 | _aNB | ||